00980cam a2200277Ka 4500999001500000001000900015003000600024005001700030008004100047020001500088020001800103035002000121040002700141082001500168092001500183100002500198245008900223260003700312300002000349504005000369610005400419650005000473650004000523942001500563952012400578 c9447d944754752492OCoLC20241126110712.0040317s2003 orua b b 000 0deng  a1592444229 a9781592444229 a(OCoLC)54752492 aSBIcSBIdOCLCQdYDXCP a262.1bHOW a250bH859S1 aHowell, Don N91647910aServants of the servant :ba biblical theology of leadership /cby Don N. Howell, Jr aSecunderabad: bGS Books, c2019 a307 p. ;c24 cm aIncludes bibliographical references (303-307)20aColumbia International UniversityxFaculty916480 0aChristian leadershipxBiblical teaching95795 0aLeadershipxBiblical teaching96966 2ddccBK02 00102ddc4070aGBCbGBCcMNMSd2022-12-12l2o262.1 HOWp015943r2025-05-01 00:00:00s2023-08-29tc.1w2022-12-12yBK